ASOIAF characters in the appendix of all five books Quiz Stats

 Plays Quiz not verified by Sporcle

Challenge
Share
Tweet
Embed
Score 0/130 Timer 15:00
1 Play Today
Region Character % Correct
Kings LandingCersei Lannister
98.9%
The NorthBran Stark
98.3%
The NorthGreatjon Umber
98.3%
The NorthSansa Stark
98%
The NorthArya Stark
98%
The NorthJon Snow
98%
The ReachSer Jon Fossoway
98%
Kings LandingSer Jaime Lannister
98%
The WestTywin Lannister
98%
TargaryensDaenerys Targaryen
97.2%
The ValeRobert Arryn
96.9%
The ReachSer Loras Tyrell
96.6%
TargaryensViserys Targaryen
96.3%
The WestTyrion Lannister
96.3%
The NorthRobb Stark
96.1%
DragonstoneStannis Baratheon
95.5%
The Iron IslandsBalon Greyjoy
95.5%
The NorthRickon Stark
95.2%
The ReachMargaery Tyrell
95.2%
DorneDoran Nymeros Martell
95.2%
The Iron IslandsAsha Greyjoy
95.2%
The Iron IslandsTheon Greyjoy
95.2%
The ValeLady Lysa Tully
94.7%
Kings LandingJoffery Baratheon
94.1%
The ReachMace Tyrell
94.1%
The Iron IslandsEuron Greyjoy
93.5%
TargaryensPrince Rhaegar Targaryen
93.3%
Kings LandingTommen Baratheon
93%
DorneOberyn Martell
93%
The Iron IslandsVictarion Greyjoy
92.7%
TargaryensPrince Aegon Targaryen
92.7%
DragonstoneShireen Baratheon
92.4%
The RiverlandsSer Edmure Tully
91.9%
Kings LandingMyrcella Baratheon
91.6%
Kings LandingPetyr Baelish
91%
The WestSer Kevan Lannister
91%
DragonstoneSelyse Florent
90.7%
The ReachLady Olenna Redwyne
90.4%
DorneQuentyn Martell
90.2%
DorneArianne Martell
89.9%
The Iron IslandsAeron Greyjoy
88.8%
The RiverlandsWalder Frey
87.9%
Kings LandingGrand Maester Pycelle
87.4%
The NorthRoose Bolton
87.1%
Region Character % Correct
The RiverlandsSer Brynden Tully
85.7%
The Iron IslandsRodrik Greyjoy
85.4%
Kings LandingLancel Lannister
85.1%
DorneElia Martell
85.1%
DorneTrystane Martell
84.8%
The ReachSer Garlan Tyrell
83.7%
The WestSer Gregor Clegane
83.4%
The ReachSamwell Tarly
82.6%
The ReachWillas Tyrell
82.3%
Kings LandingSer Meryn Trant
80.3%
The ReachRandyll Tarly
76.7%
Kings LandingSer Boros Blount
72.5%
The NorthRickard Karstark
70.8%
TargaryensPrincess Rhaenys Targaryen
70.2%
The WestGenna Lannister
66.9%
The NorthWyman Manderly
66.3%
DorneAreo Hotah
66%
Kings LandingSer Arys Oakheart
64.3%
The RiverlandsTytos Blackwood
64%
The ValeNestor Royce
63.5%
The ReachPaxter Redwyne
62.6%
The NorthHodor
62.4%
DorneMellario of Norvos
61.2%
The ReachLady Alerie Hightower
58.4%
The NorthMaege Mormont
57.6%
The Iron IslandsAlannys Harlaw
57%
Kings LandingSer Ilyn Payne
56.2%
The WestSer Cleos Frey
54.2%
Kings LandingJanos Slynt
53.9%
The NorthGalbart Glover
53.7%
The ValeSer Lyn Corbray
53.1%
The RiverlandsJonos Bracken
52.8%
The NorthRobett Glover
52.5%
The WestGerion Lannister
50.6%
The Iron IslandsMaron Greyjoy
50.6%
The NorthBenjen Stark
49.7%
The ValeMya Stone
49.7%
The RiverlandsJason Mallister
48.3%
The WestWillem Lannister
48%
The ValeLady Anya Waynwood
47.5%
Kings LandingTyrek Lannister
46.9%
The WestSer Tygett Lannister
46.9%
The WestSer Addam Marbrand
46.3%
Kings LandingSer Horas Redwyne
46.3%
Region Character % Correct
Kings LandingSer Hobber Redwyne
46.1%
The WestMartyn Lannister
45.5%
DorneEdric Dayne
43.3%
The ValeMord
43%
The RiverlandsSer Marq Piper
41.9%
The ReachGarth the Gross
41.6%
The WestSer Harys Swyft
40.7%
The RiverlandsSer Robin Ryger
35.4%
The ValeSer Donnal Waynwood
33.4%
Kings LandingJalabhar Xho
32.9%
The WestJoy Hill
32.9%
The ValeMaester Colemon
32.9%
The WestSer Stafford Lannister
32.6%
The ReachMathis Rowan
32%
The WestSer Daven Lannister
31.2%
The ReachLeyton Hightower
30.6%
DorneMaester Caleotte
29.8%
Kings LandingMoon Boy
29.2%
The RiverlandsPatrek Mallister
26.4%
The RiverlandsSer Desmond Grell
23.9%
The NorthSer Helman Tallhart
23.6%
The WestTion Frey
23.6%
The ReachMina Tyrell
23.3%
The WestJanei Lannister
22.2%
The ReachJanna Tyrell
21.9%
The RiverlandsLady Shella Whent
19.4%
The RiverlandsMaester Vyman
19.1%
The RiverlandsUtherydes Wayn
18.5%
The ReachGarse Flowers
16%
The ValeEon Hunter
15.7%
The ReachGarrett Flowers
15.4%
The ReachDesmera Redwyne
15.2%
The ReachMaester Gormon
14%
The ValeSer Albar Royce
13.2%
The WestMyrielle Lannister
12.9%
The WestCerenna Lannister
12.6%
The ValeSer Morton Waynwood
11.8%
The ReachSer Moryn Tyrell
11.5%
The ReachMaester Lomys
11%
The ReachIgon Vyrwel
10.4%
The ReachSer Vortimer Crane
10.4%
The WestMaester Creylen
9%

You're not logged in!

Compare scores with friends on all Sporcle quizzes.
OR
Log In

You Might Also Like...

Show Comments

Extras

Top Quizzes Today


Score Distribution

Your Account Isn't Verified!

In order to create a playlist on Sporcle, you need to verify the email address you used during registration. Go to your Sporcle Settings to finish the process.

Report this User

Report this user for behavior that violates our Community Guidelines.

Details: